=LDR 00000nam 2200000 4500 =001 INLIS000000000025841 =005 20130612124324 =008 ***********************************Ind** =035 ##$$0010-061300000025841 =041 ##$$a Ind =082 ##$$a 630 =090 ##$$a 630, Nas p =100 ##$$a Nasotion =245 ##$$a Pengantar ke ilmu-ilmu pertanian, Nasution =260 ##$$a 2000 $b Jakarta =300 ##$$a 159 hlm, 21 cm =650 ##$$a Ilmu pengetahwan =850 ##$$a NBPNMAT